书目信息 |
| 题名: |
政工仁心王守东
|
|
| 作者: | 张力升 著 | |
| 分册: | ||
| 出版信息: | 北京 人民日报出版社 2014 |
|
| 页数: | 286页 | |
| 开本: | 24cm | |
| 丛书名: | ||
| 单 册: | ||
| 中图分类: | I253.3 , K825.38=76 | |
| 科图分类: | ||
| 主题词: | 纪实文学--中国--当代 , 钢铁企业--企业家--生平事迹--中国--现代 | |
| 电子资源: | ||
| ISBN: | 978-7-5115-2456-0 | |
| 000 | 01121nam0 2200253 450 | |
| 001 | 339299 | |
| 005 | 20150608104747.66 | |
| 010 | @a978-7-5115-2456-0@dCNY36.00 | |
| 100 | @a20140605d2014 em y0chiy50 ea | |
| 101 | 0 | @achi |
| 102 | @aCN@b110000 | |
| 105 | @aa z 000zd | |
| 106 | @ar | |
| 200 | 1 | @a政工仁心王守东@Azheng gong ren xin wang shou dong@f张力升著 |
| 210 | @a北京@c人民日报出版社@d2014 | |
| 215 | @a286页@c照片@d24cm | |
| 330 | @a本书用纪实的笔法, 书写了山东泰山钢铁集团董事局主席王守东的传奇人生。十七载军营生涯, 塑造了王守东丰富的精神世界, 成为他宝贵的精神财富。转业地方后, 他凭着一腔热血和强烈的责任感, 在泰钢危难之时挺身而出, 白手起家, 以补偿贸易方式启动运转, 在下马企业的一片废墟上浴火重生。他重视企业 的文化建设, 形成了一整套行之有效的思想政治工作方法;同时, 他又有一颗公而忘私的仁心, 能够真正做到致富一方、发展一方、造福 一方。 | |
| 606 | 0 | @a纪实文学@y中国@z当代 |
| 606 | 0 | @a钢铁企业@x企业家@x生平事迹@y中国@z现代 |
| 690 | @aI253.3@v5 | |
| 690 | @aK825.38=76@v5 | |
| 701 | 0 | @a张力升@Azhang li sheng@f(1963)@4著 |
| 801 | 0 | @aCN@b卓展宏图@c20150525 |
| 905 | @dI253.3@e880@f4 | |
| 政工仁心王守东/张力升著.-北京:人民日报出版社,2014 |
| 286页:照片;24cm |
| ISBN 978-7-5115-2456-0:CNY36.00 |
| 本书用纪实的笔法, 书写了山东泰山钢铁集团董事局主席王守东的传奇人生。十七载军营生涯, 塑造了王守东丰富的精神世界, 成为他宝贵的精神财富。转业地方后, 他凭着一腔热血和强烈的责任感, 在泰钢危难之时挺身而出, 白手起家, 以补偿贸易方式启动运转, 在下马企业的一片废墟上浴火重生。他重视企业 的文化建设, 形成了一整套行之有效的思想政治工作方法;同时, 他又有一颗公而忘私的仁心, 能够真正做到致富一方、发展一方、造福 一方。 |
| ● |
| 相关链接 |
|
|
|
|
正题名:政工仁心王守东
索取号:I253.3/880
 
预约/预借
| 序号 | 登录号 | 条形码 | 馆藏地/架位号 | 状态 | 备注 |
| 1 | 857653 | 208576539 | 第一样本阅览室/ [索取号:I253.3/880] | 在馆 | |
| 2 | 857654 | 208576548 | 教育系资料室/ [索取号:I253.3/880] | 在馆 | |
| 3 | 857655 | 208576557 | 第二借阅区/ [索取号:I253.3/880] | 在馆 | |
| 4 | 857656 | 208576566 | 第二借阅区/ [索取号:I253.3/880] | 在馆 |